Statistics for cities in hungary

Click here to take the quiz!

General Stats

  • This quiz has been taken 28 times
    (23 since last reset)
  • The average score is 29 of 71

Answer Stats

Answer% Correct
budapest
100%
debrecen
100%
gyor
100%
pecs
100%
szeged
100%
miskolc
94%
nyiregyhaza
94%
eger
89%
sopron
89%
szombathely
89%
kecskemet
83%
szekesfehervar
83%
erd
78%
tata
78%
tatabanya
78%
bekes
72%
kaposvar
72%
siofok
72%
salgotarjan
67%
zalaegerszeg
67%
bekescsaba
61%
mosonmagyarovar
61%
esztergom
56%
szolnok
56%
veszprem
56%
dunaujvaros
50%
hodmezovasarhely
50%
komarom
50%
balatonfured
44%
gyula
44%
paks
44%
szekszard
44%
mako
39%
baja
33%
hajduszoboszlo
33%
hatvan
33%
god
28%
godollo
28%
jaszbereny
28%
kiskunfelegyhaza
28%
mateszalka
28%
budaors
22%
csongrad
22%
gyongyos
22%
hajduboszormeny
22%
mor
22%
tiszaujvaros
22%
bonyhad
17%
dombovar
17%
kiskoros
17%
kiskunhalas
17%
nagykoros
17%
szentes
17%
barcs
11%
tolna
11%
torokszentmiklos
11%
balatonfoldvar
6%
marcali
6%
morahalom
6%
nyirbator
6%
siklos
6%
szikszo
6%
tiszavasvari
6%
torokbalint
6%
villany
6%
harkany
0%
kiskunmajsa
0%
sajoszentpeter
0%
szentgotthard
0%
tamasi
0%
tiszafoldvar
0%

Score Distribution

Percentile by Number Answered

Percent of People with Each Score

Your Score History

You have not taken this quiz since the last reset